00788nam a2200181 4500008004100000082001600041100001900057245010500076260003800181300004900219440002700268650005800295650002400353856011100377942000700488952009600495999001500591240701b |||||||| |||| 00| 0 eng d a303.69bBAS aBastian, Sunil aThe economic agenda and the peace process:bpart of the Sri Lanka strategic conflict assessment 2005 aColombo: bAsia Foundation,c2005 a48 p. : ill. ; 28 cmb Bibliography included aSix-part series vNo.5 aEconomic assistance -- Political aspects -- Sri Lanka aConflict management uhttps://documents1.worldbank.org/curated/en/576641468308045358/pdf/631770WP0Sri0L00Box0361508B0PUBLIC0.pdf cRP 00102ddc4070aMAINbMAINd2024-07-01l0o303.69 BASpRAF5347r2024-07-01w2024-07-01yRP c4961d4961